Quiz sur le Parlement canadien - Statistiques

Statistiques générales
  • Ce quiz a été pris 10 fois
  • Le résultat moyen est 3 sur 14
Statistiques - réponses
Hint Réponse % Correct
Combien de territoires il y a-t-il au Canada ? Trois
67%
Qui est le premier ministre actuel ? Justin Trudeau
50%
Combien de sénateurs il y a-t-il dans le Sénat du Canada ? 105
33%
Qui est le chef d'État du Canada ? Élizabeth II
33%
Après l'affaire King-Byng, cette personne ne demeure plus sur la colline parlementaire Gouverneur général
33%
La harpe sur les armoiries de la Chambre des communes et du Sénat représentent ce pays européen Irlande
33%
Ce territoire est l'addition la plus récente à la Confédération, et ne compte q'un seul siège dans la Chambre des communes et dans le Sénat Nunavut
33%
La Chambre des communes ce trouve présentement dans cet édifice Édifice de l'Ouest
17%
Cette province exige que ses sénateurs représentent une région spécifique de la province Québec
17%
En quelle année ont commencé les projets de réhabilitation sur la colline parlementaire ? 2011
0%
Qui est le chef de l'Opposition officielle (par intérim) ? Candice Bergen
0%
Qu'est-ce qu'est la SPP (ou PPS) ? Service de protection parlementaire
0%
Comment s'appelle la tour de l'Édifice du Centre ? Tour de la Paix
0%
Le système parlementaire canadien se base sur ce système parlementaire qui se s'est développé au Royaume-Uni Westminister
0%
Aucun quiz correspondant
Distribution des résultats
% des personnes avec chaque résultat
Percentile par nombre de réponses
Votre historique - résultats
Vous n’avez pas pris ce quiz